000 00794nam a22002177a 4500
003 OSt
005 20251205051256.0
008 251205b |||||||| |||| 00| 0 eng d
020 _a971-555-100-9.
040 _aDWCL-Main lib.
_cOC
082 _aFil. 305.4 F483 1995
100 _aBragado, Erlinda H.
245 _aFilipinas in dialogue :
_bMuslim-Christian Women's response to contemporary challenges/
_cErlinda H. Bragado
260 _aManila :
_bDe La Salle University Press,
_cc1995.
300 _a219 p. :
_bchiefly ill. ;
_c22 cm.
504 _aIncludes bibliographical references.
650 _a1. Christian women-Philippines-Congresses.
650 _a2. Muslim women-Philippines-Congresses.
650 _a3. Women-Philippines-Congresses.
942 _2ddc
_cBK - FIL
_hFil.
_n0
999 _c6935
_d6935